Administración electrónica / (Record no. 184869)

MARC details
000 -LEADER
campo de control de longitud fija 01213nam a2200337 i 4500
001 - NÚMERO DE CONTROL
campo de control 184869
003 - IDENTIFICADOR DE NÚMERO DE CONTROL
campo de control ES-MaACL
005 - FECHA Y HORA DE LA ÚLTIMA TRANSACCIÓN
campo de control 20250603171335.0
008 - DATOS DE LONGITUD FIJA--INFORMACIÓN GENERAL
campo de control de longitud fija 160210s2011 sp |||| | spa d
020 ## - NÚMERO INTERNACIONAL ESTÁNDAR DEL LIBRO
Número Internacional Estándar del Libro 978-84-15056-38-6
080 ## - NÚMERO DE LA CLASIFICACIÓN DECIMAL UNIVERSAL
Número de la Clasificación Decimal Universal 004.738.5:35(460)
080 ## - NÚMERO DE LA CLASIFICACIÓN DECIMAL UNIVERSAL
Número de la Clasificación Decimal Universal 34(460)"20":004.738.5
100 1# - ENTRADA PRINCIPAL--NOMBRE DE PERSONA
Nombre de persona Linares Gil, Maximino I.
9 (RLIN) 158731
245 10 - MENCIÓN DEL TÍTULO
Título Administración electrónica /
Mención de responsabilidad, etc. [coordinador, Alfonso Melón Muñoz ; autor, Maximino I. Linares Gil].
246 30 - FORMA VARIANTE DEL TITULO
Título propio/Titulo breve Administración electrónica
250 ## - MENCION DE EDICION
Mención de edición Act. a 1 de abril de 2011.
260 ## - PUBLICACIÓN, DISTRIBUCIÓN, ETC.
Lugar de publicación, distribución, etc. Madrid :
Nombre del editor, distribuidor, etc. Francis Lefebvre,
Fecha de publicación, distribución, etc. 2011.
300 ## - DESCRIPCIÓN FÍSICA
Extensión 309 p. ;
Dimensiones 24 cm.
490 1# - MENCIÓN DE SERIE
Mención de serie Memento experto
500 ## - NOTA GENERAL
Nota general Anexo legislativo.
500 ## - NOTA GENERAL
Nota general Índice.
650 #4 - PUNTO DE ACCESO ADICIONAL DE MATERIA--TÉRMINO DE MATERIA
Término de materia o nombre geográfico como elemento de entrada Internet en la administración pública.
9 (RLIN) 143243
650 #4 - PUNTO DE ACCESO ADICIONAL DE MATERIA--TÉRMINO DE MATERIA
Término de materia o nombre geográfico como elemento de entrada Internet-
Subdivisión de forma Legislación.
9 (RLIN) 158743
651 #7 - PUNTO DE ACCESO ADICIONAL DE MATERIA--NOMBRE GEOGRÁFICO
Nombre geográfico España-
Subdivisión general Administración
Fuente del encabezamiento o término
9 (RLIN) 148152
700 1# - ENTRADA AGREGADA--NOMBRE PERSONAL
Nombre de persona Melón Muñoz, Alfonso.
9 (RLIN) 158698
710 2# - ENTRADA AGREGADA--NOMBRE DE ENTIDAD CORPORATIVA
Nombre de entidad corporativa o nombre de jurisdicción como elemento de entrada Ediciones Francis Lefebvre.
9 (RLIN) 158696
830 0# - PUNTO DE ACCESO ADICIONAL DE SERIE-TÍTULO UNIFORME
Título uniforme Memento experto
9 (RLIN) 192246
852 ## - LOCALIZACIÓN
Ubicación ES-MaACL
Número de control de estantería A-15203
itemnumber 191884
Sublocalización o colección R.151087
Ubicación en estantería Depósito 1
Signatura antigua Olim: L 004.738.5 LIN adm
-- Olim: Meseton
Donativo/Legado Donacion: Editorial
942 ## - ELEMENTOS DE ENTRADA SECUNDARIOS (KOHA)
Fuente del sistema de clasificación o colocación Clasificación decimal universal
Holdings
Estatus retirado Estado de pérdida Fuente del sistema de clasificación o colocación Estado de daño No para préstamo Biblioteca de origen Biblioteca actual Ubicación en estantería Fecha de adquisición Fuente de adquisición Total de préstamos Signatura topográfica completa Código de barras Visto por última vez Precio de reemplazo Tipo de ítem Koha
    Clasificación decimal universal     Biblioteca del Ateneo de Madrid Biblioteca del Ateneo de Madrid Depósito 1 10/02/2016 Donación   A-15203 1194701 23/02/2023 23/02/2023 Libro impreso